Miss possessive (Lyrics)- Tate McRae - Statistics

General Stats
  • This quiz has been taken 208 times
  • The average score is 271 of 335
Answer Stats
Answer % Correct
you
100%
of
99%
your
99%
I
97%
off
97%
a
96%
him
91%
keep
91%
my
91%
eyes
90%
man
90%
hands
89%
Just
89%
just
89%
Miss
89%
the
89%
I'm
88%
Possessive
88%
Baby
86%
get
86%
No
86%
girl
85%
Look
85%
at
83%
floor
83%
go
82%
in
82%
or
82%
Or
82%
anyone
81%
Pretty
80%
so
80%
ceilin'
79%
Yes
79%
you're
79%
else
78%
not
77%
think
77%
don't
76%
Take
76%
feelin'
75%
it
75%
star
75%
that
75%
fuck
74%
gon'
73%
blues
72%
friends
72%
lesson
72%
seriously
72%
are
71%
learn
71%
know
70%
notice
70%
walks
70%
opposite
69%
what
69%
When
69%
be
68%
like
68%
whoever
68%
we're
67%
Actin'
65%
And
65%
and
65%
Funny
65%
home
65%
how
65%
me
65%
never
65%
tryin'
65%
hard
63%
win
63%
gonna
61%
can't
59%
drinks
58%
two
58%
leave
57%
undressin'
57%
Some
55%
tryna
55%
nice
53%
'round
53%
Runnin'
53%
until
53%
alone
52%
Better
52%
better
52%
up
51%
I'll
50%
seen
49%
haven't
48%
forgot
47%
oh
47%
fights
46%
generous
46%
Yeah
46%
tonight
42%
side
40%
tellin'
40%
1am
30%
No matching quizzes found
Score Distribution
Percent of People with Each Score
Percentile by Number Answered
Your Score History
You have not taken this quiz